All cities of Azerbaijan - Statistics

General Stats
  • This quiz has been taken 25 times
  • The average score is 22 of 79
Answer Stats
City % Correct
Baku
95%
Ganja
68%
Quba
68%
Qusar
63%
Aghdam
58%
Astara
58%
Lankaran
58%
Nakhchivan
53%
Goranboy
47%
Qazax
47%
Shaki
47%
Agstafa
42%
Balaken
42%
Jabrayil
42%
Qakh
42%
Shamakhi
42%
Shusha
42%
Tovuz
42%
Zangilan
42%
Khojaly
37%
Kurdamir
37%
Lerik
37%
Qabala
37%
Shamkir
37%
Stepanakert/Khankendi
37%
Tartar
37%
Zaqatala
37%
Agsu
32%
Fuzuli
32%
Ismayilli
32%
Kalbajar
32%
Khachmaz
32%
Khojavend
32%
Lachin
32%
Masallı
32%
Mingachevir
32%
Neftchala
32%
Ordubad
32%
Ucar
32%
Yevlakh
32%
Beylagan
26%
Khizi
26%
Oguz
26%
Sabirabad
26%
Yardımlı
26%
Agdash
21%
Barda
21%
Gobustan
21%
Goygol
21%
Hajiqabul
21%
Imishli
21%
Naftalan
21%
Qubadli
21%
Salyan
21%
Sharur
21%
Shirvan
21%
Sumgait
21%
Aghjabadi
16%
Dashkasan
16%
Julfa
16%
Saatlı
16%
Shabran
16%
Shahbuz
16%
Goychay
11%
Zardab
11%
Babek
5%
Calilabad
5%
Samukh
5%
Siyazan
5%
Aghdara
0%
Bilyasuvar
0%
Delimammedli
0%
Gedabey
0%
Goytepe
0%
Horadiz
0%
Khudat
0%
Liman
0%
Qovlar
0%
Xırdalan
0%
No matching quizzes found
Score Distribution
Percent of People with Each Score
Percentile by Number Answered
Your Score History
You have not taken this quiz